书目信息 |
| 书名: | The extreme future | |
| 作者: | James Canton | |
| 分册号: | ||
| 分册名: | 出版地: | New York |
|
| 出版社: | A Plume Book | |
| 出版时间: | 2006 | |
| 页数: | 371P | |
| 开本: | 22CM | |
| 丛书名: | ||
| 中图分类号: | ||
| 科图分类号: | ||
| 其他分类号: | C912.8 | |
| 主题词: | ||
| 电子资源: | ||
| 000 | 00454nam0 2200145 450 | |
| 001 | 202012002100 | |
| 005 | 20121126151155.0 | |
| 008 | 12112401s | |
| 020 | @a9780452288669@c$16.00 | |
| 099 | @dC912.8@eJ274 | |
| 245 | @aThe extreme future @bthe top trends that will reshape the world in the next 20 years @cJames Canton | |
| 260 | 0 | @a New York@bA Plume Book@c2006 |
| 300 | @a371P@c22CM | |
| 905 | @aTSG@b12034@dC912.8@eJ274 | |
| 905 | @b12614 | |
| The extreme future : the top trends that will reshape the world in the next 20 years / James Canton.- New York : A Plume Book , 2006 |
| 371P ; 22CM |
| ISBN 9780452288669$16.00 |
| ● |
| 相关链接 |
|
|
|
正题名:The extreme future
索取号:C912.8/J274
 
预约/预借
| 序号 | 登录号 | 条形码 | 馆藏地/架位号 | 状态 | 备注 |
| 1 | 12034 | 300120349 | 社科库509/509社科库 131排1列2层/ [索取号:C912.8/J274] | 在馆 | |
| 2 | 12614 | 300126147 | 社科库509/509社科库 131排1列2层/ [索取号:C912.8/J274] | 在馆 |